Ekonomická analýza volebnej účasti v transformujúcich sa ekonomikách (prístup teórie verejnej voľby)

Salvato in:
Dettagli Bibliografici
Autore principale: Čaplánová, Anetta, 1967-
Altri autori: Orviská, Marta, Hudson, John
Natura: Capitolo di libro
Lingua:slovacco
Tags: Aggiungi Tag
Nessun Tag, puoi essere il primo ad aggiungerne!!

MARC

LEADER 00000naa$a2200000$$$4500
001 0112298
005 20260121114815.2
041 0 |a slo 
044 |a CZ 
245 1 0 |a Ekonomická analýza volebnej účasti v transformujúcich sa ekonomikách  |b (prístup teórie verejnej voľby)  |c Anetta Čaplánová, Marta Orviská, John Hudson 
100 1 |a Čaplánová, Anetta, 1967- 
700 1 |a Orviská, Marta 
700 1 |a Hudson, John